01141cam a22003494i 4500003000900000005001700009008004100026020001500067035002700082040003300109082002300142245007100165264007800236300003800314336002100352337002500373338002300398505018400421526001000605526001000615526001000625526001000635526000800645526000800653526000800661526000800669526000800677526000800685526000800693630006100701700002900762PE-LiUPU20250731173138.0150623s r 000 0 d a0825426154 a(Sirsi) i9780825426155 aPE-LiUPUbspacPE-LiUPUerda04a225.307 7bC2322100aCounterfeit or genuine? Mark 16? John 8? /cDavid Otis Fuller, ed. 1aGrand Rapids, Michigan :bGrand Rapids International Publications,c1975. a217 páginas ;c20 centímetros atext2rdacontent aunmediated2rdamedia avolume2rdacarrier0 aIntroduction. The magnificent burgon. The last twelve verses of the gospel. Pericope de adultera. The last twelve verses of the gospel of mark. The preservation of the scriptures. aSEG42 aSEG41 aSEG40 aSEG39 aP94 aP87 aP86 aP85 aP77 aP76 aP35 aBiblia.pN.T.pMarcosxCrítica, interpretación, etc.1 aOtis Fuller, David,eed.